000 00474nam a2200181Ia 4500
005 20250508160428.0
008 008 250505s9999 xx 000 0 eng d
037 _aTextual
040 _aFEDL
_beng
_cFEDL
041 _aeng
_2eng
084 _a378, LAW
_qFEDL
100 _aLawlor John Ed.
245 0 _aNew University
260 _aLondon, UK
_bRoutledge and Kegan Paul
_c1968
300 _a200p
942 _cTEXL
_h378, LAW
999 _c1364551
_d1364551